| 000 | 01159nam a2200217Ia 4500 | ||
|---|---|---|---|
| 003 | Ost | ||
| 005 | 20260416102401.0 | ||
| 008 | 260416s9999||||xx |||||||||||||| ||und|| | ||
| 040 | _cfsecg | ||
| 041 | _aara | ||
| 082 | _a306.35 | ||
| 100 |
_aرزقي، نوال _eمؤلف |
||
| 245 | 0 |
_aعلم اجتماع المنظمات / _c نوال رزقي |
|
| 260 |
_aالجزائر _bجامعة الجزائر3: كلية العلوم الإقتصادية، العلوم التجارية وعلوم التسيير _c2023 |
||
| 300 |
_a112 ورقة _bايضاحات _c12 سم |
||
| 504 | _aالمراجع ص.104 | ||
| 520 | _aمن علم الاجتماع ، إلى علم اجتماع المنظمات، نظريات أساسية في علم اجتماع المنظمات،مفاهيم أساسية في علم اجتماع المنظمات،امتحانات نموذجية مقترحة مع الحلول للمراجعة . | ||
| 653 | _aعلم الاجتماع المنظمات | ||
| 710 |
_aجامعة الجزائر3: كلية العلوم الإقتصادية، العلوم التجارية وعلوم التسيير _eناشر علمي |
||
| 942 | _cHANDOUT | ||
| 999 |
_c41415 _d41415 |
||